000
00318pam a2200133 a 4500
020
_c
041
_h
082
_a
743.6
_b
PAL
100
_a
Dandi Palmer .
245
_a
How to Draw Dinosaurs in Simple Steps
_h
Textual Documents
260
_a
[s.l]:
_b
Search Press,
_c
2012.
300
_a
31:
_b
paper.
930
_a
7770
999
_c
241560
_d
241560